Materials science of thin films (Record no. 352)

000 -LEADER
fixed length control field 00566nam a22002174a 4500
001 - CONTROL NUMBER
control field 352
003 - CONTROL NUMBER IDENTIFIER
control field BD-DhUET
008 - FIXED-LENGTH DATA ELEMENTS--GENERAL INFORMATION
fixed length control field 010328s2002 caua b 001 0 eng
020 ## - INTERNATIONAL STANDARD BOOK NUMBER
International Standard Book Number 9780125249850
020 ## - INTERNATIONAL STANDARD BOOK NUMBER
International Standard Book Number 9789381269534
040 ## - CATALOGING SOURCE
Original cataloging agency DLC
Transcribing agency 0
Modifying agency BD-DhUET
082 00 - DEWEY DECIMAL CLASSIFICATION NUMBER
Classification number 623.8152
Item number OHR/2002
100 ## - MAIN ENTRY--PERSONAL NAME
Personal name Ohring, Milton
245 10 - TITLE STATEMENT
Title Materials science of thin films
Remainder of title deposition and structure
250 ## - EDITION STATEMENT
Edition statement 2nd ed.
260 ## - PUBLICATION, DISTRIBUTION, ETC. (IMPRINT)
Place of publication, distribution, etc. New Delhi
Name of publisher, distributor, etc. Academic Press
Date of publication, distribution, etc. 2002
300 ## - PHYSICAL DESCRIPTION
Extent xxi, 794 p.
Other physical details
504 ## - BIBLIOGRAPHY, ETC. NOTE
Bibliography, etc Includes bibliographies
650 #0 - SUBJECT ADDED ENTRY--TOPICAL TERM
Topical term or geographic name as entry element Thin films
942 ## - ADDED ENTRY ELEMENTS (KOHA)
Koha item type General Book
Holdings
Koha item type Not for loan Shelving location Location (home branch) Koha date last seen Koha normalized classification for sorting Price effective from Koha date last borrowed Date acquired Lost status Source of classification or shelving scheme Piece designation (barcode) Withdrawn status Sublocation or collection (holding branch) Koha full call number Damaged status Copy number Koha issues (times borrowed) Koha out on loan
General Book Circulation sectionCentral Library, BUET2014-07-20623_000000000000000_8152OHR2002014-07-20 2014-07-20  111604 Central Library, BUET623.8152/OHR/2002 1  
General Book Circulation sectionCentral Library, BUET2024-06-12623_815200000000000_OHR_20022016-10-022023-11-082016-06-18  114734 Central Library, BUET623.8152/OHR/2002 21 
General Book Circulation sectionCentral Library, BUET2024-01-13623_815200000000000_OHR_20022016-10-022024-01-132016-06-18  114735 Central Library, BUET623.8152/OHR/2002 312025-01-12
General Book Reading sectionCentral Library, BUET2018-09-22623_815200000000000_OHR_20022018-09-22 2018-06-27  116652 Central Library, BUET623.8152/OHR/2002 4